[Event "ESP-chT Div I 2018"]
[Site "Linares"]
[Date "2018.08.06"]
[Round "1"]
[White "Gutierrez Olivares, Daniel"]
[Black "Garcia Castany Musellas, Gal La"]
[Result "1-0"]
[WhiteElo "2297"]
[BlackElo "2203"]
[Annotator "NA"]
[PlyCount "65"]
[EventDate "2018.08.06"]
[EventType "team-tourn"]
[EventCountry "ESP"]
[SourceTitle "playchess.com"]
[Source "ChessBase"]
[SourceQuality "1"]
[TimeControl "40/5400+30:1800+30"]

1. c4 {[%emt 0:00:00]} e6 2. Nf3 {[%emt 0:00:08]} Nf6 {[%emt 0:00:23]} 3. g3 {[%emt 0:00:16]} d5 {[%emt 0:01:18]} 4. Bg2 {[%emt 0:00:36]} Be7 {[%emt 0:02:48]} 5. O-O {[%emt 0:02:08]} dxc4 {[%emt 0:05:31]} 6. Qa4+ {[%emt 0:00:59]} c6 {[%emt 0:05:42]} 7. Qxc4 {[%emt 0:00:09]} b5 {[%emt 0:00:48]} 8. Qc2 {[%emt 0:01:04]} Bb7 {[%emt 0:00:14]} 9. d3 {[%emt 0:02:34]} O-O {[%emt 0:03:36]} 10. e4 {[%emt 0:03:37]} c5 {[%emt 0:06:58]} 11. Rd1 {[%emt 0:01:50]} Nc6 {[%emt 0:01:42]} 12. a4 {[%emt 0:03:53]} a6 {[%emt 0:06:45]} 13. Be3 {[%emt 0:15:44]} Nb4 {[%emt 0:19:39]} 14. Qe2 {[%emt 0:02:31]} Qb6 {[%emt 0:10:35]} 15. Nc3 {[%emt 0:01:56]} Ng4 {[%emt 0:02:18]} 16. Bf4 {[%emt 0:01:53]} e5 {[%emt 0:07:12]} 17. Nxe5 {[%emt 0:01:52]} Nxe5 {[%emt 0:05:11]} 18. Bxe5 {[%emt 0:00:22]} Bf6 {[%emt 0:01:07]} 19. Bxf6 {[%emt 0:03:51]} Qxf6 {[%emt 0:01:09]} 20. axb5 {[%emt 0:01:01]} axb5 {[%emt 0:00:59]} 21. Rxa8 {[%emt 0:01:44]} Bxa8 {[%emt 0:02:32]} 22. Nxb5 {[%emt 0:00:45]} Rb8 {[%emt 0:03:22]} 23. Na3 {[%emt 0:15:36]} Nc6 {[%emt 0:07:44]} 24. Nc4 {[%emt 0:02:29]} Ne5 {[%emt 0:01:34]} 25. Nxe5 {[%emt 0:01:26]} Qxe5 {[%emt 0:00:02]} 26. Rd2 {[%emt 0:00:32]} Bc6 {[%emt 0:01:11]} 27. h3 {[%emt 0:01:18]} Qd4 {[%emt 0:02:14]} 28. Rc2 {[%emt 0:02:43]} Bb5 {[%emt 0:00:43]} 29. Bf1 {[%emt 0:00:47]} Ba6 {[%emt 0:00:38]} 30. Qe3 {[%emt 0:03:47]} Qd8 {[%emt 0:00:05]} 31. Rxc5 {[%emt 0:03:27]} Rxb2 {[%emt 0:00:12]} 32. Rd5 {[%emt 0:00:37]} Qc7 {[%emt 0:01:13]} 33. Qc1 {[%emt 0:00:58]} 1-0

[Event "ESP-chT Div I 2018"]
[Site "Linares"]
[Date "2018.08.06"]
[Round "1"]
[White "Rivas Garcia, Victor"]
[Black "Ortega Hermida, Daniel"]
[Result "1/2-1/2"]
[WhiteElo "2217"]
[BlackElo "2334"]
[Annotator "NA"]
[PlyCount "98"]
[EventDate "2018.08.06"]
[EventType "team-tourn"]
[EventCountry "ESP"]
[SourceTitle "playchess.com"]
[Source "ChessBase"]
[SourceQuality "1"]
[TimeControl "40/5400+30:1800+30"]

1. e4 {[%emt 0:00:00]} e5 {[%emt 0:00:06]} 2. Nf3 {[%emt 0:00:31]} Nc6 {[%emt 0:00:22]} 3. Bc4 {[%emt 0:00:36]} Nf6 {[%emt 0:00:22]} 4. d3 {[%emt 0:00:08]} Bc5 {[%emt 0:00:17]} 5. c3 {[%emt 0:00:15]} O-O {[%emt 0:00:42]} 6. Bb3 {[%emt 0:01:25]} h6 {[%emt 0:03:29]} 7. h3 {[%emt 0:01:05]} a5 {[%emt 0:01:04]} 8. O-O {[%emt 0:04:07]} d6 {[%emt 0:01:44]} 9. Nbd2 {[%emt 0:05:22]} Be6 {[%emt 0:04:18]} 10. Re1 {[%emt 0:02:41]} Qd7 {[%emt 0:11:24]} 11. Nf1 {[%emt 0:03:22]} Bxb3 {[%emt 0:06:43]} 12. Qxb3 {[%emt 0:01:55]} Rfe8 {[%emt 0:02:33]} 13. Ng3 {[%emt 0:02:44]} d5 {[%emt 0:05:30]} 14. Nf5 {[%emt 0:11:54]} Bf8 {[%emt 0:03:52]} 15. Bd2 {[%emt 0:04:41]} b6 {[%emt 0:03:28]} 16. Rad1 {[%emt 0:02:06]} Rad8 {[%emt 0:01:33]} 17. Bc1 {[%emt 0:04:27]} dxe4 {[%emt 0:10:56]} 18. dxe4 {[%emt 0:00:23]} Qe6 {[%emt 0:00:41]} 19. Qxe6 {[%emt 0:02:11]} Rxe6 {[%emt 0:00:34]} 20. Ng3 {[%emt 0:06:37]} Ree8 {[%emt 0:03:57]} 21. Kf1 {[%emt 0:01:24]} Nd7 {[%emt 0:01:59]} 22. Rd5 {[%emt 0:04:15]} Nf6 {[%emt 0:01:54]} 23. Rdd1 {[%emt 0:00:48]} Nd7 {[%emt 0:02:39]} 24. Rd5 {[%emt 0:00:59]} Nf6 {[%emt 0:01:49]} 25. Rdd1 {[%emt 0:00:52]} Rxd1 {[%emt 0:07:02]} 26. Rxd1 {[%emt 0:00:06]} Nb8 {[%emt 0:00:08]} 27. Ke2 {[%emt 0:02:40]} Nbd7 {[%emt 0:00:19]} 28. Ne1 {[%emt 0:01:06]} Nc5 {[%emt 0:04:14]} 29. f3 {[%emt 0:00:20]} Ne6 {[%emt 0:02:18]} 30. Nd3 {[%emt 0:01:23]} h5 {[%emt 0:02:54]} 31. Be3 {[%emt 0:06:39]} g6 {[%emt 0:03:13]} 32. Kf2 {[%emt 0:01:22]} Nd7 {[%emt 0:01:05]} 33. Ne1 {[%emt 0:04:31]} Ndc5 {[%emt 0:04:19]} 34. Nd3 {[%emt 0:01:17]} h4 {[%emt 0:00:45]} 35. Ne2 {[%emt 0:01:37]} Rd8 {[%emt 0:01:07]} 36. Nec1 {[%emt 0:01:49]} f5 {[%emt 0:01:56]} 37. Ke2 {[%emt 0:02:00]} Nd7 {[%emt 0:03:30]} 38. Nf2 {[%emt 0:03:01]} Bd6 {[%emt 0:00:36]} 39. b3 {[%emt 0:01:25]} Kf7 {[%emt 0:00:30]} 40. Ncd3 {[%emt 0:00:31]} Ke7 {[%emt 0:01:54]} 41. Nb2 {[%emt 0:30:31]} b5 {[%emt 0:31:02]} 42. Rd5 {[%emt 0:03:24]} c6 {[%emt 0:00:16]} 43. Rd1 {[%emt 0:00:12]} Nf6 {[%emt 0:01:02]} 44. Nbd3 {[%emt 0:01:23]} c5 {[%emt 0:00:29]} 45. Nb2 {[%emt 0:02:57]} Ra8 {[%emt 0:00:53]} 46. Kf1 {[%emt 0:01:49]} Rb8 {[%emt 0:00:52]} 47. Ke2 {[%emt 0:00:16]} Ra8 {[%emt 0:00:27]} 48. Kf1 {[%emt 0:00:07]} Rb8 {[%emt 0:00:19]} 49. Ke2 Ke8 1/2-1/2

[Event "ESP-chT Div I 2018"]
[Site "Linares"]
[Date "2018.08.06"]
[Round "1"]
[White "Gonzalez Merino, Alberto"]
[Black "Almagro Llamas, Pablo"]
[Result "0-1"]
[WhiteElo "2199"]
[BlackElo "2442"]
[Annotator "NA"]
[PlyCount "52"]
[EventDate "2018.08.06"]
[EventType "team-tourn"]
[EventCountry "ESP"]
[SourceTitle "playchess.com"]
[Source "ChessBase"]
[SourceQuality "1"]
[TimeControl "40/5400+30:1800+30"]

1. Nf3 {[%emt 0:00:00]} Nf6 {[%emt 0:00:00]} 2. c4 {[%emt 0:00:00]} e6 {[%emt 0:00:15]} 3. Nc3 {[%emt 0:00:00]} Bb4 {[%emt 0:01:10]} 4. Qc2 {[%emt 0:00:32]} O-O {[%emt 0:02:04]} 5. g3 {[%emt 0:00:25]} d5 {[%emt 0:07:19]} 6. cxd5 {[%emt 0:09:07]} exd5 {[%emt 0:01:57]} 7. a3 {[%emt 0:00:21]} Bxc3 {[%emt 0:10:24]} 8. dxc3 {[%emt 0:20:12]} Re8 {[%emt 0:03:18]} 9. h3 {[%emt 0:01:34]} b6 {[%emt 0:09:13]} 10. Be3 {[%emt 0:01:35]} Ba6 {[%emt 0:10:52]} 11. Bg2 {[%emt 0:27:36]} Nbd7 {[%emt 0:14:30]} 12. O-O {[%emt 0:07:39]} c5 {[%emt 0:04:27]} 13. Rad1 {[%emt 0:04:07]} Rxe3 {[%emt 0:10:53]} 14. fxe3 {[%emt 0:00:30]} Qc7 {[%emt 0:02:38]} 15. g4 {[%emt 0:17:45]} Re8 {[%emt 0:00:34]} 16. Ng5 {[%emt 0:01:41]} h6 {[%emt 0:03:58]} 17. Nxf7 {[%emt 0:02:51]} Kxf7 {[%emt 0:01:45]} 18. Bxd5+ {[%emt 0:00:05]} Ke7 {[%emt 0:03:27]} 19. Rf4 {[%emt 0:01:53]} Qe5 {[%emt 0:05:48]} 20. Be4 {[%emt 0:00:59]} g5 {[%emt 0:02:26]} 21. Rxd7+ {[%emt 0:00:04]} Kxd7 {[%emt 0:02:17]} 22. Qa4+ {[%emt 0:00:43]} Ke7 {[%emt 0:00:50]} 23. Rf5 {[%emt 0:01:02]} Qxe4 {[%emt 0:00:38]} 24. Qxa6 Qxe3+ {[%emt 0:00:26]} 25. Kh2 {[%emt 0:00:32]} Kf7 {[%emt 0:00:32]} 26. Qc4+ {[%emt 0:01:12]} Kg7 {[%emt 0:00:27]} 0-1

[Event "ESP-chT Div I 2018"]
[Site "Linares"]
[Date "2018.08.06"]
[Round "1"]
[White "Vazquez Torres, Adrian"]
[Black "Garcia Perez, Javier"]
[Result "1/2-1/2"]
[WhiteElo "2174"]
[BlackElo "2090"]
[Annotator "NA"]
[PlyCount "69"]
[EventDate "2018.08.06"]
[EventType "team-tourn"]
[EventCountry "ESP"]
[SourceTitle "playchess.com"]
[Source "ChessBase"]
[SourceQuality "1"]
[TimeControl "40/5400+30:1800+30"]

1. e4 {[%emt 0:00:00]} e6 {[%emt 0:00:00]} 2. Nf3 {[%emt 0:00:00]} d5 {[%emt 0:00:41]} 3. Nc3 {[%emt 0:00:30]} Nf6 {[%emt 0:04:22]} 4. e5 {[%emt 0:00:04]} Nfd7 {[%emt 0:00:05]} 5. d4 {[%emt 0:00:06]} c5 {[%emt 0:02:34]} 6. dxc5 {[%emt 0:00:30]} Nc6 {[%emt 0:04:32]} 7. Bf4 {[%emt 0:00:00]} Nxc5 {[%emt 0:11:30]} 8. h4 {[%emt 0:00:00]} h6 {[%emt 0:12:10]} 9. a3 {[%emt 0:05:09]} Be7 {[%emt 0:11:15]} 10. b4 {[%emt 0:06:56]} Ne4 11. Nxe4 {[%emt 0:00:30]} dxe4 {[%emt 0:00:14]} 12. Qxd8+ {[%emt 0:00:11]} Bxd8 {[%emt 0:00:03]} 13. Nd2 {[%emt 0:00:21]} Bc7 {[%emt 0:00:03]} 14. Bb5 {[%emt 0:11:02]} Bd7 {[%emt 0:00:33]} 15. Nxe4 {[%emt 0:00:53]} Bxe5 {[%emt 0:09:17]} 16. Bxe5 {[%emt 0:00:09]} Nxe5 {[%emt 0:00:04]} 17. Bxd7+ {[%emt 0:00:40]} Kxd7 {[%emt 0:00:08]} 18. f4 {[%emt 0:09:21]} Nc4 {[%emt 0:02:28]} 19. Rh3 {[%emt 0:00:14]} Rhd8 {[%emt 0:13:08]} 20. Rc3 {[%emt 0:13:58]} b5 {[%emt 0:12:23]} 21. a4 {[%emt 0:00:12]} a6 {[%emt 0:02:07]} 22. a5 {[%emt 0:05:38]} Kc6 {[%emt 0:04:11]} 23. Rd1 {[%emt 0:04:38]} Rxd1+ {[%emt 0:00:50]} 24. Kxd1 {[%emt 0:00:05]} Rd8+ {[%emt 0:00:01]} 25. Ke2 {[%emt 0:00:16]} Rd4 {[%emt 0:00:11]} 26. Nc5 {[%emt 0:13:49]} Rxf4 {[%emt 0:02:25]} 27. g3 {[%emt 0:00:07]} Rd4 {[%emt 0:00:50]} 28. Nxa6 {[%emt 0:00:08]} Rd2+ {[%emt 0:00:45]} 29. Kf3 {[%emt 0:01:10]} Rd1 {[%emt 0:02:01]} 30. Nc5 {[%emt 0:01:15]} Rb1 {[%emt 0:00:28]} 31. Nb3 {[%emt 0:08:39]} e5 {[%emt 0:00:12]} 32. g4 {[%emt 0:01:43]} g6 {[%emt 0:02:18]} 33. g5 {[%emt 0:02:29]} hxg5 {[%emt 0:02:54]} 34. hxg5 Rh1 35. Nd2 1/2-1/2

[Event "ESP-chT Div I 2018"]
[Site "Linares"]
[Date "2018.08.06"]
[Round "1"]
[White "Prado Acebo, Ines"]
[Black "Rodrigo Yanguas, Maria"]
[Result "1-0"]
[WhiteElo "2084"]
[BlackElo "2062"]
[Annotator "NA"]
[PlyCount "77"]
[EventDate "2018.08.06"]
[EventType "team-tourn"]
[EventCountry "ESP"]
[SourceTitle "playchess.com"]
[Source "ChessBase"]
[SourceQuality "1"]
[TimeControl "40/5400+30:1800+30"]

1. d4 {[%emt 0:00:00]} e6 {[%emt 0:00:00]} 2. c4 {[%emt 0:00:00]} f5 {[%emt 0:00:00]} 3. g3 {[%emt 0:00:37]} Nf6 {[%emt 0:00:18]} 4. Bg2 {[%emt 0:00:13]} Be7 {[%emt 0:00:16]} 5. Nh3 {[%emt 0:02:49]} O-O {[%emt 0:00:58]} 6. O-O {[%emt 0:02:17]} d6 {[%emt 0:03:29]} 7. Qb3 {[%emt 0:03:27]} Nc6 {[%emt 0:08:03]} 8. Rd1 {[%emt 0:05:53]} Qe8 {[%emt 0:01:40]} 9. d5 {[%emt 0:07:17]} Nd8 {[%emt 0:08:04]} 10. Nc3 {[%emt 0:10:38]} e5 {[%emt 0:03:01]} 11. Nb5 {[%emt 0:00:44]} Qd7 {[%emt 0:09:18]} 12. c5 {[%emt 0:04:04]} Kh8 {[%emt 0:06:45]} 13. c6 {[%emt 0:13:06]} bxc6 {[%emt 0:03:18]} 14. dxc6 {[%emt 0:00:10]} Nxc6 {[%emt 0:01:32]} 15. Ng5 {[%emt 0:04:07]} Rb8 {[%emt 0:10:34]} 16. Bxc6 {[%emt 0:14:44]} Qxc6 {[%emt 0:00:31]} 17. Nf7+ {[%emt 0:01:00]} Rxf7 {[%emt 0:01:08]} 18. Qxf7 {[%emt 0:00:14]} Bb7 {[%emt 0:09:33]} 19. f3 {[%emt 0:06:19]} Qc5+ {[%emt 0:03:05]} 20. Kf1 {[%emt 0:08:07]} Qxb5 {[%emt 0:02:12]} 21. Qxe7 {[%emt 0:00:28]} Bxf3 {[%emt 0:01:02]} 22. Re1 {[%emt 0:00:42]} Ng4 {[%emt 0:06:59]} 23. Qxc7 {[%emt 0:03:59]} d5 {[%emt 0:09:31]} 24. a4 {[%emt 0:02:06]} Nxh2+ {[%emt 0:02:02]} 25. Kg1 {[%emt 0:00:33]} Qe8 {[%emt 0:00:13]} 26. Kxh2 {[%emt 0:02:15]} Qh5+ {[%emt 0:00:32]} 27. Kg1 {[%emt 0:00:05]} Qh1+ {[%emt 0:01:02]} 28. Kf2 {[%emt 0:00:02]} Qg2+ {[%emt 0:00:24]} 29. Ke3 {[%emt 0:00:06]} d4+ {[%emt 0:03:17]} 30. Kd2 {[%emt 0:00:08]} Re8 {[%emt 0:00:41]} 31. Ra3 {[%emt 0:02:05]} e4 {[%emt 0:00:28]} 32. Qd7 {[%emt 0:03:24]} e3+ {[%emt 0:00:15]} 33. Kc2 {[%emt 0:01:38]} Bc6 {[%emt 0:05:11]} 34. Qxd4 {[%emt 0:00:50]} Qxg3 {[%emt 0:00:01]} 35. Rd1 {[%emt 0:00:35]} Be4+ {[%emt 0:00:07]} 36. Kb3 {[%emt 0:00:14]} Qc7 {[%emt 0:00:27]} 37. Ka2 {[%emt 0:00:22]} Rb8 {[%emt 0:01:24]} 38. Bxe3 {[%emt 0:00:19]} h6 {[%emt 0:00:45]} 39. Bxh6 1-0

[Event "ESP-chT Div I 2018"]
[Site "Linares"]
[Date "2018.08.06"]
[Round "1"]
[White "Martin Capitan, Feliciano"]
[Black "Vega Gutierrez, Belinda Vidina"]
[Result "1/2-1/2"]
[WhiteElo "2066"]
[BlackElo "2165"]
[Annotator "NA"]
[PlyCount "61"]
[EventDate "2018.08.06"]
[EventType "team-tourn"]
[EventCountry "ESP"]
[SourceTitle "playchess.com"]
[Source "ChessBase"]
[SourceQuality "1"]
[TimeControl "40/5400+30:1800+30"]

1. e4 {[%emt 0:00:00]} e5 {[%emt 0:00:00]} 2. Nf3 {[%emt 0:00:04]} Nc6 {[%emt 0:00:00]} 3. c3 {[%emt 0:00:21]} d6 {[%emt 0:07:08]} 4. d4 {[%emt 0:05:08]} Bg4 {[%emt 0:06:30]} 5. Bb5 {[%emt 0:08:36]} exd4 {[%emt 0:21:17]} 6. cxd4 {[%emt 0:08:20]} d5 {[%emt 0:00:46]} 7. Qa4 {[%emt 0:05:16]} Bd7 {[%emt 0:11:31]} 8. exd5 {[%emt 0:07:54]} Nb4 {[%emt 0:00:14]} 9. O-O {[%emt 0:03:16]} Bd6 {[%emt 0:09:18]} 10. Ne5 {[%emt 0:16:04]} Bxe5 {[%emt 0:07:14]} 11. Re1 {[%emt 0:09:10]} Nd3 {[%emt 0:04:05]} 12. Re3 {[%emt 0:07:24]} Ne7 {[%emt 0:15:55]} 13. Bxd7+ {[%emt 0:06:18]} Qxd7 {[%emt 0:00:09]} 14. Qxd7+ {[%emt 0:01:05]} Kxd7 {[%emt 0:00:03]} 15. Rxd3 {[%emt 0:01:38]} Bf6 {[%emt 0:00:55]} 16. Nc3 {[%emt 0:00:23]} h5 {[%emt 0:07:23]} 17. Be3 {[%emt 0:06:49]} h4 {[%emt 0:00:16]} 18. Rc1 {[%emt 0:00:34]} b6 {[%emt 0:01:54]} 19. h3 {[%emt 0:01:52]} Rh5 {[%emt 0:00:31]} 20. Bf4 {[%emt 0:07:30]} Rc8 {[%emt 0:00:02]} 21. Ne4 {[%emt 0:00:42]} Nxd5 {[%emt 0:00:21]} 22. Nxf6+ {[%emt 0:00:14]} Nxf6 {[%emt 0:00:08]} 23. Be5 {[%emt 0:00:14]} Ne8 {[%emt 0:00:48]} 24. Ra3 {[%emt 0:00:21]} a5 {[%emt 0:00:23]} 25. Rac3 {[%emt 0:00:23]} f6 {[%emt 0:00:14]} 26. Bh2 {[%emt 0:00:42]} Rd5 {[%emt 0:00:29]} 27. Rc4 {[%emt 0:00:19]} Nd6 {[%emt 0:00:51]} 28. Bxd6 {[%emt 0:00:24]} Kxd6 {[%emt 0:00:56]} 29. a4 {[%emt 0:01:02]} Kd7 {[%emt 0:04:00]} 30. Kf1 {[%emt 0:00:15]} Rg5 {[%emt 0:00:44]} 31. f3 {[%emt 0:00:35]} 1/2-1/2

[Event "ESP-chT Div I 2018"]
[Site "Linares"]
[Date "2018.08.06"]
[Round "1"]
[White "Cao Armillas, Jesus"]
[Black "Garcia Molina, Jose"]
[Result "1/2-1/2"]
[WhiteElo "2043"]
[BlackElo "1969"]
[Annotator "NA"]
[PlyCount "132"]
[EventDate "2018.08.06"]
[EventType "team-tourn"]
[EventCountry "ESP"]
[SourceTitle "playchess.com"]
[Source "ChessBase"]
[SourceQuality "1"]
[TimeControl "40/5400+30:1800+30"]

1. d4 {[%emt 0:00:13]} Nf6 {[%emt 0:02:24]} 2. c4 {[%emt 0:00:21]} c5 {[%emt 0:01:08]} 3. d5 {[%emt 0:00:07]} b5 {[%emt 0:00:07]} 4. cxb5 {[%emt 0:00:06]} a6 {[%emt 0:00:05]} 5. Nc3 {[%emt 0:00:42]} d6 {[%emt 0:09:33]} 6. bxa6 {[%emt 0:01:11]} Bxa6 {[%emt 0:00:13]} 7. Nf3 {[%emt 0:00:27]} g6 {[%emt 0:00:22]} 8. g3 {[%emt 0:00:12]} Bg7 {[%emt 0:00:06]} 9. Bg2 {[%emt 0:00:06]} Nbd7 {[%emt 0:01:24]} 10. Rb1 {[%emt 0:00:32]} O-O {[%emt 0:02:39]} 11. O-O {[%emt 0:00:19]} Qa5 {[%emt 0:04:59]} 12. Bd2 {[%emt 0:01:16]} Rfb8 {[%emt 0:04:33]} 13. b3 {[%emt 0:10:52]} Ng4 {[%emt 0:13:58]} 14. Qc2 {[%emt 0:04:53]} Nge5 {[%emt 0:12:06]} 15. Ne1 {[%emt 0:02:04]} Rb7 {[%emt 0:25:19]} 16. h3 {[%emt 0:00:33]} Nf6 {[%emt 0:00:42]} 17. Kh2 {[%emt 0:07:47]} Ne8 {[%emt 0:03:40]} 18. f4 {[%emt 0:01:37]} Nd7 {[%emt 0:00:04]} 19. Na4 {[%emt 0:18:52]} Qd8 {[%emt 0:02:42]} 20. Nd3 {[%emt 0:03:12]} Nc7 {[%emt 0:02:22]} 21. Bc3 {[%emt 0:04:27]} Nb5 {[%emt 0:04:35]} 22. Bxg7 {[%emt 0:00:13]} Kxg7 {[%emt 0:00:02]} 23. e3 {[%emt 0:03:07]} Kg8 {[%emt 0:02:27]} 24. Rbc1 {[%emt 0:03:53]} Na3 {[%emt 0:01:46]} 25. Qc3 {[%emt 0:05:58]} c4 {[%emt 0:02:06]} 26. Nb4 {[%emt 0:03:45]} Qa5 {[%emt 0:02:50]} 27. Nxa6 {[%emt 0:00:42]} Rxa6 {[%emt 0:00:17]} 28. Qxa5 {[%emt 0:01:59]} Rxa5 {[%emt 0:00:01]} 29. Rc3 {[%emt 0:00:56]} cxb3 {[%emt 0:00:12]} 30. axb3 {[%emt 0:00:43]} Nb5 {[%emt 0:00:13]} 31. Rc8+ {[%emt 0:01:16]} Kg7 {[%emt 0:00:01]} 32. Rfc1 {[%emt 0:01:36]} Nf6 {[%emt 0:01:46]} 33. Nb2 {[%emt 0:06:05]} Na7 {[%emt 0:00:48]} 34. R8c3 {[%emt 0:00:49]} Rab5 {[%emt 0:00:45]} 35. Nd1 {[%emt 0:02:35]} Rb4 {[%emt 0:00:30]} 36. Rd3 {[%emt 0:00:55]} Nd7 {[%emt 0:00:03]} 37. e4 {[%emt 0:03:07]} Nb5 {[%emt 0:00:38]} 38. Rc4 {[%emt 0:01:45]} Na3 {[%emt 0:00:04]} 39. Rc6 {[%emt 0:02:22]} Nb8 {[%emt 0:00:45]} 40. Rcc3 {[%emt 0:01:26]} Nb1 {[%emt 0:00:31]} 41. Rc4 {[%emt 0:30:54]} Na3 {[%emt 0:30:01]} 42. Rc8 {[%emt 0:00:17]} Nd7 {[%emt 0:00:04]} 43. Re3 {[%emt 0:00:12]} Nb5 {[%emt 0:01:02]} 44. e5 {[%emt 0:00:56]} Na7 {[%emt 0:00:33]} 45. Rd8 {[%emt 0:01:30]} Nb5 {[%emt 0:01:30]} 46. e6 {[%emt 0:00:16]} Nc5 {[%emt 0:00:08]} 47. exf7 {[%emt 0:01:01]} Kxf7 {[%emt 0:00:01]} 48. Bf1 {[%emt 0:01:17]} Nd4 {[%emt 0:00:15]} 49. Bc4 {[%emt 0:00:27]} Ncxb3 {[%emt 0:00:20]} 50. Bxb3 {[%emt 0:00:09]} Rxb3 {[%emt 0:00:03]} 51. Rxb3 {[%emt 0:01:34]} Rxb3 {[%emt 0:00:01]} 52. Rh8 {[%emt 0:00:40]} Kg7 {[%emt 0:00:11]} 53. Re8 {[%emt 0:00:07]} Kf7 {[%emt 0:00:40]} 54. Rh8 {[%emt 0:00:05]} h5 {[%emt 0:00:15]} 55. Rh7+ {[%emt 0:00:33]} Kf6 {[%emt 0:00:11]} 56. Nf2 {[%emt 0:00:42]} Re3 {[%emt 0:01:32]} 57. Kg2 {[%emt 0:00:16]} e6 {[%emt 0:02:10]} 58. dxe6 {[%emt 0:01:37]} Kxe6 {[%emt 0:00:06]} 59. g4 {[%emt 0:00:39]} hxg4 {[%emt 0:00:30]} 60. hxg4 {[%emt 0:00:39]} Rf3 {[%emt 0:00:26]} 61. Nh3 {[%emt 0:00:33]} Ra3 {[%emt 0:01:05]} 62. Ng5+ {[%emt 0:00:23]} Kd5 {[%emt 0:00:02]} 63. Rd7 {[%emt 0:01:40]} Ne6 {[%emt 0:00:47]} 64. Nxe6 {[%emt 0:00:39]} Kxe6 {[%emt 0:00:11]} 65. Rg7 {[%emt 0:00:18]} Kf6 {[%emt 0:00:27]} 66. Rd7 {[%emt 0:00:04]} Ke6 1/2-1/2

[Event "ESP-chT Div I 2018"]
[Site "Linares"]
[Date "2018.08.06"]
[Round "1"]
[White "Monllor Garcia, Yolanda"]
[Black "Aranaz Murillo, Amalia"]
[Result "1-0"]
[WhiteElo "1936"]
[BlackElo "2227"]
[Annotator "NA"]
[PlyCount "77"]
[EventDate "2018.08.06"]
[EventType "team-tourn"]
[EventCountry "ESP"]
[SourceTitle "playchess.com"]
[Source "ChessBase"]
[SourceQuality "1"]
[TimeControl "40/5400+30:1800+30"]

1. e4 {[%emt 0:03:34]} c6 {[%emt 0:00:00]} 2. d4 {[%emt 0:00:17]} d5 {[%emt 0:00:00]} 3. exd5 {[%emt 0:00:15]} cxd5 {[%emt 0:00:00]} 4. Bd3 {[%emt 0:00:29]} Nc6 {[%emt 0:00:09]} 5. c3 {[%emt 0:00:14]} Qc7 {[%emt 0:00:28]} 6. h3 {[%emt 0:00:42]} g6 {[%emt 0:02:05]} 7. Nf3 {[%emt 0:00:21]} Nf6 {[%emt 0:00:42]} 8. Nbd2 {[%emt 0:01:04]} Bf5 {[%emt 0:01:26]} 9. Qe2 {[%emt 0:01:09]} Bxd3 {[%emt 0:04:02]} 10. Qxd3 {[%emt 0:00:16]} Bg7 {[%emt 0:00:05]} 11. O-O {[%emt 0:01:38]} O-O {[%emt 0:00:07]} 12. Re1 {[%emt 0:01:33]} Nd7 {[%emt 0:06:45]} 13. Nf1 {[%emt 0:01:56]} h6 {[%emt 0:06:20]} 14. Rb1 {[%emt 0:03:00]} Rac8 {[%emt 0:06:22]} 15. N1h2 {[%emt 0:05:53]} Nf6 {[%emt 0:09:21]} 16. Ne5 {[%emt 0:06:05]} e6 {[%emt 0:00:17]} 17. Neg4 {[%emt 0:04:26]} Nxg4 {[%emt 0:01:50]} 18. Nxg4 {[%emt 0:00:10]} h5 {[%emt 0:05:25]} 19. Nh2 {[%emt 0:03:16]} Na5 {[%emt 0:05:07]} 20. g4 {[%emt 0:07:24]} Qc4 {[%emt 0:06:44]} 21. Qf3 {[%emt 0:11:00]} Qxa2 {[%emt 0:05:08]} 22. Bf4 {[%emt 0:00:24]} hxg4 {[%emt 0:04:57]} 23. Nxg4 {[%emt 0:04:09]} Nc4 {[%emt 0:00:08]} 24. Nh6+ {[%emt 0:13:02]} Kh7 {[%emt 0:00:08]} 25. Qg3 {[%emt 0:02:36]} Bxh6 {[%emt 0:01:18]} 26. Qh4 {[%emt 0:00:49]} g5 {[%emt 0:06:19]} 27. Bxg5 {[%emt 0:00:23]} Rh8 {[%emt 0:00:22]} 28. Qxh6+ {[%emt 0:01:56]} Kg8 {[%emt 0:00:06]} 29. Qf6 {[%emt 0:00:57]} Nd6 {[%emt 0:00:49]} 30. Kh2 {[%emt 0:09:04]} Ne4 {[%emt 0:01:57]} 31. Rxe4 {[%emt 0:03:57]} Qxb1 {[%emt 0:00:44]} 32. Rg4 {[%emt 0:00:22]} Rxh3+ {[%emt 0:00:23]} 33. Kxh3 {[%emt 0:00:21]} Qh1+ {[%emt 0:00:06]} 34. Kg3 {[%emt 0:00:23]} Qg1+ {[%emt 0:00:10]} 35. Kf3 {[%emt 0:00:20]} Qd1+ {[%emt 0:00:40]} 36. Kf4 {[%emt 0:01:25]} e5+ {[%emt 0:02:05]} 37. Qxe5 {[%emt 0:00:49]} Qc1+ {[%emt 0:00:24]} 38. Qe3 {[%emt 0:00:40]} Qxb2 {[%emt 0:00:29]} 39. Be7+ {[%emt 0:00:21]} 1-0